[Event "GER-ch North Seniors 48th"]
[Site "Sottrum"]
[Date "2014.06.01"]
[Round "7"]
[White "Kujat, Werner"]
[Black "Krawinkel, Hans Werner"]
[Result "1/2-1/2"]
[WhiteElo "1814"]
[BlackElo "1854"]
[PlyCount "32"]
[EventDate "2014.05.26"]
[EventType "swiss"]
[EventRounds "7"]
[EventCountry "GER"]
[SourceTitle "EXT 2018"]
[Source "ChessBase"]
[SourceDate "2017.10.13"]
[SourceVersion "1"]
[SourceVersionDate "2017.10.13"]
[SourceQuality "1"]

1. d4 Nf6 2. c4 e6 3. Nc3 d5 4. e3 b6 5. Nf3 Bb7 6. cxd5 exd5 7. a3 Be7 8. Bd3 0-0 9. 0-0 Nbd7 10. b4 Ne4 11. Qc2 Ndf6 12. Nd2 Nxc3 13. Qxc3 Bd6 14. f4 Ne4 15. Nxe4 dxe4 16. Be2 a6 1/2-1/2

[Event "GER-ch North Seniors 48th"]
[Site "Sottrum"]
[Date "2014.05.30"]
[Round "5"]
[White "Stummeyer, Dieter"]
[Black "Krawinkel, Hans Werner"]
[Result "1-0"]
[WhiteElo "1886"]
[BlackElo "1854"]
[PlyCount "75"]
[EventDate "2014.05.26"]
[EventType "swiss"]
[EventRounds "7"]
[EventCountry "GER"]
[SourceTitle "EXT 2018"]
[Source "ChessBase"]
[SourceDate "2017.10.13"]
[SourceVersion "1"]
[SourceVersionDate "2017.10.13"]
[SourceQuality "1"]

1. e4 c5 2. Nf3 Nc6 3. d4 cxd4 4. Nxd4 e6 5. Nb5 d6 6. Bf4 e5 7. Be3 a6 8. N5c3 Rb8 9. Nd5 b5 10. Bd3 Nge7 11. c4 bxc4 12. Bxc4 Nxd5 13. Bxd5 Bd7 14. 0-0 Be7 15. Qe2 Nb4 16. Nc3 Nxd5 17. exd5 Qa5 18. Rfe1 0-0 19. a3 Bc8 20. b4 Qd8 21. f3 f5 22. Rec1 Bf6 23. Ra2 Bb7 24. a4 Rc8 25. Qd2 Rc4 26. Rac2 Rxb4 27. Ne4 Rxa4 28. Nxf6+ Qxf6 29. Bg5 Qg6 30. Be7 Rd4 31. Qa5 Rxd5 32. Qc7 Rb5 33. Bxf8 Kxf8 34. Qd8+ Qe8 35. Qxd6+ Kg8 36. Rc7 Kh8 37. Qe7 Qg8 38. Rxb7 1-0

[Event "GER-ch North Seniors 48th"]
[Site "Sottrum"]
[Date "2014.05.26"]
[Round "1"]
[White "Zotin, Vladimir"]
[Black "Krawinkel, Hans Werner"]
[Result "1-0"]
[WhiteElo "1870"]
[BlackElo "1854"]
[PlyCount "79"]
[EventDate "2014.05.26"]
[EventType "swiss"]
[EventRounds "7"]
[EventCountry "GER"]
[SourceTitle "EXT 2018"]
[Source "ChessBase"]
[SourceDate "2017.10.13"]
[SourceVersion "1"]
[SourceVersionDate "2017.10.13"]
[SourceQuality "1"]

1. e3 d5 2. b3 c5 3. Bb2 Nc6 4. Nf3 Bg4 5. h3 Bh5 6. Bb5 f6 7. g4 Bg6 8. d3 Qc7 9. Nbd2 a6 10. Bxc6+ Qxc6 11. Qe2 e5 12. 0-0-0 0-0-0 13. Nh4 Bf7 14. f4 exf4 15. exf4 d4 16. Qf2 Bd5 17. Rhe1 g6 18. g5 f5 19. c4 Bf7 20. Ndf3 Bg7 21. Ne5 Qc7 22. Nhf3 Be8 23. Re2 Bf8 24. Rde1 Bd6 25. Nxd4 cxd4 26. Bxd4 Ba3+ 27. Kb1 Qd6 28. Bb6 Rd7 29. Nxd7 Qxd3+ 30. Ka1 Bxd7 31. Bd4 Nf6 32. Bxf6 Re8 33. Rxe8+ Bxe8 34. Qe2 Qd7 35. Rd1 Qc6 36. Rd8+ Kc7 37. Rxe8 Qh1+ 38. Qe1 Qxh3 39. Bd8+ Kd7 40. Qe6# 1-0

[Event "Niedersachsen-ch Seniors op 14th"]
[Site "Bad Bevensen"]
[Date "2011.07.06"]
[Round "2"]
[White "Hartlaub, Marianne"]
[Black "Krawinkel, Hans Werner"]
[Result "0-1"]
[WhiteElo "1343"]
[BlackElo "1681"]
[PlyCount "57"]
[EventDate "2011.07.05"]
[EventType "swiss"]
[EventRounds "9"]
[EventCountry "GER"]
[SourceTitle "EXT 2012"]
[Source "ChessBase"]
[SourceDate "2011.11.24"]
[SourceVersion "1"]
[SourceVersionDate "2011.11.24"]
[SourceQuality "1"]

1. Nf3 d5 2. c4 dxc4 3. Nc3 Bd7 4. Ne5 c6 5. Nxc4 b5 6. Ne5 e6 7. a3 Nf6 8. g3 Qc7 9. f4 Be7 10. Bg2 0-0 11. 0-0 Qb6+ 12. e3 Bc8 13. d4 Bb7 14. b4 Nd5 15. Nxd5 cxd5 16. Bb2 f6 17. Qd3 Nd7 18. Rac1 Rac8 19. Qe2 f5 20. Rc5 Nxc5 21. dxc5 Qc6 22. Bd4 a6 23. Bh3 Qe8 24. Qb2 Bf6 25. Rf2 Qh5 26. Bf1 Bc6 27. Be2 Qg6 28. Rg2 Qe8 29. g4 0-1

[Event "Niedersachsen-ch Seniors 44th"]
[Site "Cadenberge"]
[Date "2010.04.16"]
[Round "4"]
[White "Pape, Manfred"]
[Black "Krawinkel, Hans Werner"]
[Result "1-0"]
[WhiteElo "2115"]
[BlackElo "1634"]
[PlyCount "65"]
[EventDate "2010.04.13"]
[EventType "swiss"]
[EventRounds "9"]
[EventCountry "GER"]
[SourceTitle "EXT 2019"]
[Source "ChessBase"]
[SourceDate "2018.10.10"]
[SourceVersion "1"]
[SourceVersionDate "2018.10.10"]
[SourceQuality "1"]

1. d4 Nf6 2. c4 e6 3. Nc3 d5 4. Nf3 Be7 5. Bg5 Nbd7 6. e3 h6 7. Bf4 a6 8. Bd3 dxc4 9. Bxc4 b5 10. Bb3 Bb7 11. 0-0 0-0 12. Qe2 Nd5 13. Nxd5 exd5 14. Rfd1 Kh8 15. Rac1 c6 16. Bc2 f5 17. Bb1 Qe8 18. Bd3 g5 19. Bc7 Rc8 20. Ba5 Bd6 21. Nd2 Qf7 22. Nf1 f4 23. e4 dxe4 24. Qxe4 Rfe8 25. Qg6 Qxg6 26. Bxg6 Rf8 27. Nd2 Rf6 28. Be4 Bf8 29. Bf3 Ba8 30. Bg4 Rf7 31. Be6 Rg7 32. d5 Bd6 33. Bc3 1-0

[Event "Niedersachsen-ch Seniors 44th"]
[Site "Cadenberge"]
[Date "2010.04.15"]
[Round "3"]
[White "Krawinkel, Hans Werner"]
[Black "Stephan, Gerhard"]
[Result "1-0"]
[WhiteElo "1634"]
[BlackElo "1529"]
[PlyCount "57"]
[EventDate "2010.04.13"]
[EventType "swiss"]
[EventRounds "9"]
[EventCountry "GER"]
[SourceTitle "EXT 2019"]
[Source "ChessBase"]
[SourceDate "2018.10.10"]
[SourceVersion "1"]
[SourceVersionDate "2018.10.10"]
[SourceQuality "1"]

1. c4 e6 2. Nc3 f5 3. d4 Nf6 4. Nf3 c6 5. a3 d5 6. e3 Bd6 7. c5 Bc7 8. Be2 Qe7 9. 0-0 0-0 10. b4 a6 11. Bb2 Bd7 12. Ne5 Be8 13. f4 Nbd7 14. h3 Nxe5 15. dxe5 Ne4 16. Nxe4 fxe4 17. Bd4 Bg6 18. Kh2 Qh4 19. g3 Qh6 20. Qe1 Bd8 21. Rg1 Be8 22. Bg4 Bh5 23. Bxh5 Qxh5 24. g4 Qh4 25. Qxh4 Bxh4 26. g5 h6 27. gxh6 Rf7 28. Rg4 g5 29. Rag1 1-0

[Event "Niedersachsen-ch Seniors op 11th"]
[Site "Bad Bevensen"]
[Date "2008.07.16"]
[Round "9"]
[White "Krawinkel, Hans Werner"]
[Black "Timm, Christian"]
[Result "1-0"]
[WhiteElo "1678"]
[BlackElo "1458"]
[PlyCount "95"]
[EventDate "2008.07.08"]
[EventType "swiss"]
[EventRounds "9"]
[EventCountry "GER"]
[SourceTitle "EXT 2022"]
[Source "ChessBase"]
[SourceDate "2021.10.06"]
[SourceVersion "1"]
[SourceVersionDate "2021.10.06"]
[SourceQuality "1"]

1. c4 e6 2. Nc3 Be7 3. g3 Nf6 4. Bg2 c6 5. e4 d6 6. d4 0-0 7. Nge2 Nbd7 8. 0-0 Rb8 9. a3 b5 10. cxb5 cxb5 11. Nxb5 Rxb5 12. Nc3 Rb8 13. b4 Ba6 14. Re1 Bc4 15. e5 dxe5 16. dxe5 Ne8 17. Qd4 Nb6 18. Qe3 Nd5 19. Nxd5 exd5 20. Qxa7 Ra8 21. Qd4 Nc7 22. Bb2 Ne6 23. Qd2 Bg5 24. f4 Bh6 25. Qf2 Qe7 26. Rad1 Rfd8 27. f5 Nf8 28. h4 Qa7 29. g4 Qxf2+ 30. Kxf2 g6 31. g5 Bg7 32. f6 Bh8 33. Rd4 Ne6 34. Rxc4 Rxa3 35. Bxa3 dxc4 36. b5 Nf4 37. Bf1 c3 38. Bc1 Ne6 39. b6 c2 40. Re2 Nc5 41. Rxc2 Ne4+ 42. Kf3 Nxg5+ 43. hxg5 h6 44. gxh6 Rb8 45. Be3 Kh7 46. Rc7 g5 47. Rxf7+ Kxh6 48. Bd3 1-0

[Event "Niedersachsen-ch Seniors 42th"]
[Site "Sottrum"]
[Date "2008.04.15"]
[Round "6"]
[White "Krawinkel, Hans Werner"]
[Black "Gudat, Alfons"]
[Result "0-1"]
[WhiteElo "1656"]
[BlackElo "1839"]
[PlyCount "70"]
[EventDate "2008.04.10"]
[EventType "swiss"]
[EventRounds "9"]
[EventCountry "GER"]
[SourceTitle "EXT 2022"]
[Source "ChessBase"]
[SourceDate "2021.10.06"]
[SourceVersion "1"]
[SourceVersionDate "2021.10.06"]
[SourceQuality "1"]

1. c4 e5 2. Nc3 Nc6 3. g3 Nf6 4. Bg2 Bc5 5. e3 0-0 6. Nge2 Re8 7. d3 d6 8. 0-0 Bg4 9. h3 Bh5 10. a3 a5 11. Kh2 Qd7 12. Nd5 Nxd5 13. Bxd5 Kh8 14. g4 Bg6 15. Ng3 f6 16. Bg2 Rab8 17. e4 Nd4 18. Be3 b5 19. b3 Ne6 20. Bd2 Bd4 21. Rb1 b4 22. a4 c6 23. Ne2 Bb6 24. Ng3 Bc7 25. Be3 Bf7 26. Rb2 Nd4 27. Nf5 d5 28. Kh1 Rbd8 29. f4 Nxf5 30. exf5 d4 31. Bc1 exf4 32. Be4 Re7 33. Qf3 Be8 34. Rg1 Be5 35. Bxc6 Qxc6 0-1

[Event "Niedersachsen-ch Seniors op 10th"]
[Site "Bad Bevensen"]
[Date "2007.07.10"]
[Round "8"]
[White "Krawinkel, Hans Werner"]
[Black "Diskin, Semen"]
[Result "0-1"]
[WhiteElo "1659"]
[BlackElo "1831"]
[PlyCount "86"]
[EventDate "2007.07.03"]
[EventType "swiss"]
[EventRounds "9"]
[EventCountry "GER"]
[SourceTitle "EXT 2022"]
[Source "ChessBase"]
[SourceDate "2021.10.06"]
[SourceVersion "1"]
[SourceVersionDate "2021.10.06"]
[SourceQuality "1"]

1. c4 g6 2. Nc3 Bg7 3. d4 Nf6 4. g3 d5 5. cxd5 Nxd5 6. Bg2 Nxc3 7. bxc3 c5 8. e3 cxd4 9. cxd4 0-0 10. Ne2 e5 11. 0-0 exd4 12. exd4 Nc6 13. Be3 Bg4 14. f3 Re8 15. Bf2 Be6 16. Qd3 Rc8 17. Rfd1 Nb4 18. Qd2 Nd5 19. Rac1 Qd7 20. g4 Bf8 21. Qb2 Bh6 22. Rb1 b6 23. Rd3 Rc4 24. Bf1 Rec8 25. Qb5 Qb7 26. h4 Rc2 27. g5 Bf8 28. Ra1 Nb4 29. Re3 Bxa2 30. Be1 Nd5 31. Re4 Bc4 32. Qa4 Bd3 33. Re5 R2c7 34. Qd1 Bc2 35. Qc1 Bd6 36. f4 Bxe5 37. fxe5 Ne7 38. Bg2 Be4 39. Bxe4 Qxe4 40. Qd1 Rc2 41. Bd2 Qd3 42. Nf4 Qxd2 43. Qxd2 Rxd2 0-1

[Event "Niedersachsen-ch Seniors 41st"]
[Site "Sottrum"]
[Date "2007.03.25"]
[Round "4"]
[White "Polikeit, Hanns Peter"]
[Black "Krawinkel, Hans Werner"]
[Result "0-1"]
[WhiteElo "1366"]
[BlackElo "1691"]
[PlyCount "70"]
[EventDate "2007.03.22"]
[EventType "swiss"]
[EventRounds "9"]
[EventCountry "GER"]
[SourceTitle "EXT 2022"]
[Source "ChessBase"]
[SourceDate "2021.10.06"]
[SourceVersion "1"]
[SourceVersionDate "2021.10.06"]
[SourceQuality "1"]

1. c4 e5 2. Nc3 Nf6 3. g3 d5 4. cxd5 Nxd5 5. Bg2 Nb6 6. d3 Be7 7. Nf3 Nc6 8. 0-0 Be6 9. a3 a5 10. Bd2 0-0 11. Qc1 f6 12. Nb5 a4 13. Ne1 Bd7 14. f4 Bd6 15. Nxd6 cxd6 16. Nc2 Rc8 17. Qd1 Be6 18. Bc3 Bb3 19. Qd2 Nd5 20. Ne3 Qb6 21. Bxd5+ Bxd5 22. Rf2 Bb3 23. Kf1 Rf7 24. Rc1 d5 25. Bb4 Qd8 26. Kg2 Qd7 27. h3 Re8 28. Nc2 e4 29. dxe4 Rxe4 30. e3 d4 31. exd4 Bxc2 32. Qxc2 Qd5 33. Kg1 Nxb4 34. axb4 Rxd4 35. Qxa4 Rf8 0-1

[Event "Niedersachsen-ch Seniors 41st"]
[Site "Sottrum"]
[Date "2007.03.23"]
[Round "2"]
[White "Fischer, Manfred3333"]
[Black "Krawinkel, Hans Werner"]
[Result "1-0"]
[WhiteElo "1647"]
[BlackElo "1691"]
[PlyCount "62"]
[EventDate "2007.03.22"]
[EventType "swiss"]
[EventRounds "9"]
[EventCountry "GER"]
[SourceTitle "EXT 2022"]
[Source "ChessBase"]
[SourceDate "2021.10.06"]
[SourceVersion "1"]
[SourceVersionDate "2021.10.06"]
[SourceQuality "1"]

1. e4 c5 2. Nf3 d6 3. d4 cxd4 4. Nxd4 Nc6 5. Be3 Bd7 6. c4 Nf6 7. f3 a6 8. Nc3 Nxd4 9. Bxd4 Bc6 10. Bd3 e6 11. Qc2 Be7 12. g4 e5 13. Be3 Nd7 14. 0-0-0 h6 15. Kb1 g5 16. Qd2 Qa5 17. h4 f6 18. hxg5 fxg5 19. Rh2 0-0-0 20. Nd5 Qxd2 21. Nxe7+ Kb8 22. Nxc6+ bxc6 23. Bxd2 Nc5 24. Be2 Ne6 25. Rdh1 Nd4 26. Bd1 Rdf8 27. Rh3 Rhg8 28. Be3 Rf6 29. Bxd4 exd4 30. Rxh6 Rxh6 31. Rxh6 Kc7 1-0

[Event "Niedersachsen-ch Seniors op 09th"]
[Site "Bad Bevensen"]
[Date "2006.06.29"]
[Round "6"]
[White "Krawinkel, Hans Werner"]
[Black "Hoeffner, Felix"]
[Result "1-0"]
[WhiteElo "1644"]
[BlackElo "1477"]
[PlyCount "125"]
[EventDate "2006.06.24"]
[EventType "swiss"]
[EventRounds "9"]
[EventCountry "GER"]
[SourceTitle "EXT 2022"]
[Source "ChessBase"]
[SourceDate "2021.10.06"]
[SourceVersion "1"]
[SourceVersionDate "2021.10.06"]
[SourceQuality "1"]

1. c4 e5 2. Nc3 Nf6 3. g3 c6 4. Bg2 d5 5. cxd5 cxd5 6. a3 Bc5 7. e3 Nc6 8. Na4 Bb6 9. Nxb6 axb6 10. Ne2 0-0 11. 0-0 Re8 12. h3 Be6 13. b4 Nxb4 14. Bb2 Nc6 15. Nc3 Na5 16. d3 Nc6 17. Nb5 Qd7 18. Kh2 Red8 19. a4 Ne8 20. f4 f6 21. g4 Nc7 22. f5 Bf7 23. Nc3 Ne7 24. Ne2 Na6 25. d4 e4 26. Qb3 Qd6+ 27. Kh1 Qb4 28. Qxb4 Nxb4 29. Bc1 b5 30. Bd2 Nc2 31. Ra2 Rdc8 32. Rc1 Rxa4 33. Raxc2 Rxc2 34. Rxc2 Rc4 35. Ra2 Ra4 36. Rb2 Be8 37. Nc3 Ra5 38. Kh2 Ra6 39. Bf1 Rb6 40. Na4 Ra6 41. Nc5 Ra7 42. Kg3 b6 43. Ne6 Nc8 44. Bxb5 Bxb5 45. Rxb5 Ra2 46. Be1 Ra1 47. Bf2 Ra5 48. Rxa5 bxa5 49. Nc5 Nd6 50. Be1 Nc4 51. Kf2 Kf7 52. Ke2 g6 53. fxg6+ Kxg6 54. h4 h5 55. gxh5+ Kxh5 56. Nd7 Kg6 57. h5+ Kxh5 58. Nxf6+ Kg5 59. Nxd5 a4 60. Nc3 a3 61. Nxe4+ Kf5 62. Nc3 Nd6 63. Kd3 1-0

[Event "Niedersachsen-ch Seniors op 09th"]
[Site "Bad Bevensen"]
[Date "2006.06.27"]
[Round "4"]
[White "Krawinkel, Hans Werner"]
[Black "Kroener, Otto"]
[Result "0-1"]
[WhiteElo "1644"]
[BlackElo "1756"]
[PlyCount "90"]
[EventDate "2006.06.24"]
[EventType "swiss"]
[EventRounds "9"]
[EventCountry "GER"]
[SourceTitle "EXT 2022"]
[Source "ChessBase"]
[SourceDate "2021.10.06"]
[SourceVersion "1"]
[SourceVersionDate "2021.10.06"]
[SourceQuality "1"]

1. c4 Nf6 2. d4 d5 3. Nc3 e6 4. Bg5 c6 5. Nf3 Nbd7 6. e3 Qa5 7. Nd2 Bb4 8. Qc2 Bxc3 9. Qxc3 Qxc3 10. bxc3 b6 11. Be2 0-0 12. Bf4 Bb7 13. f3 Rfe8 14. Kf2 e5 15. dxe5 Nxe5 16. g4 c5 17. Rhg1 Ng6 18. Bg3 Re7 19. h4 Rae8 20. Nf1 Ba6 21. h5 Ne5 22. cxd5 Bxe2 23. Kxe2 Nxd5 24. Rc1 Nxe3 25. Kxe3 Nxg4+ 26. Kf4 Nf6 27. Kg5 h6+ 28. Kh4 Re2 29. Bf4 Kh7 30. Bd2 R8e5 31. a4 Rxh5+ 32. Kg3 Rd5 33. Rg2 Re7 34. Kf2 Red7 35. Kg1 g5 36. Be1 Rd3 37. Ng3 Nd5 38. c4 Nf4 39. Rh2 Kg6 40. Ra1 f5 41. a5 h5 42. axb6 axb6 43. Ra6 R7d6 44. Raa2 Rd1 45. Kf1 h4 0-1

[Event "Niedersachsen-ch Seniors op 09th"]
[Site "Bad Bevensen"]
[Date "2006.06.24"]
[Round "2"]
[White "Krawinkel, Hans Werner"]
[Black "Korn, Juergen Christof"]
[Result "0-1"]
[WhiteElo "1644"]
[BlackElo "2029"]
[PlyCount "78"]
[EventDate "2006.06.24"]
[EventType "swiss"]
[EventRounds "9"]
[EventCountry "GER"]
[SourceTitle "EXT 2022"]
[Source "ChessBase"]
[SourceDate "2021.10.06"]
[SourceVersion "1"]
[SourceVersionDate "2021.10.06"]
[SourceQuality "1"]

1. c4 g6 2. d4 Bg7 3. Nf3 f5 4. Nc3 Nf6 5. g3 0-0 6. Bg2 d6 7. 0-0 Qe8 8. Nb5 Na6 9. Rb1 c6 10. Nc3 Nc7 11. Bd2 e5 12. dxe5 dxe5 13. e3 Bd7 14. Na4 b6 15. b3 c5 16. Nc3 Bc6 17. Qc1 Rd8 18. Rd1 e4 19. Ne1 Ng4 20. h3 Ne5 21. a4 Ne6 22. Qc2 Ng5 23. Kh1 Nd3 24. Kg1 Nb4 25. Qc1 Rf7 26. h4 Nf3+ 27. Nxf3 exf3 28. Bf1 Rfd7 29. Rb2 Qe5 30. Be1 Rxd1 31. Nxd1 Rxd1 32. Qxd1 Qxb2 33. Qd8+ Bf8 34. Qd1 Na2 35. Bd3 Nc3 36. Bxc3 Qxc3 37. Bc2 Be7 38. Kh2 Qe5 39. Kg1 Bf6 0-1

[Event "Tiefenbach op"]
[Site "Tiefenbach"]
[Date "2005.01.21"]
[Round "9"]
[White "Rueggeberg, Wilhelm"]
[Black "Krawinkel, Hans Werner"]
[Result "1/2-1/2"]
[WhiteElo "2039"]
[BlackElo "1914"]
[PlyCount "59"]
[EventDate "2005.01.??"]
[EventType "swiss"]
[EventRounds "9"]
[EventCountry "GER"]
[SourceTitle "EXT 2006"]
[Source "ChessBase"]
[SourceDate "2005.11.24"]
[SourceVersion "1"]
[SourceVersionDate "2005.11.24"]
[SourceQuality "1"]

1. d4 Nf6 2. Nf3 e6 3. c4 d5 4. Nc3 c5 5. e3 Nc6 6. cxd5 Nxd5 7. Be2 Be7 8. 0-0 cxd4 9. Nxd4 Nxc3 10. bxc3 Bd7 11. Bf3 0-0 12. Qe2 e5 13. Nxc6 Bxc6 14. Bxc6 bxc6 15. e4 Qa5 16. Bd2 Rfd8 17. Rfd1 Qc7 18. Be3 Qa5 19. Qc4 Qb5 20. Qxb5 cxb5 21. Rd5 Rxd5 22. exd5 f5 23. g3 a6 24. a4 Rd8 25. axb5 axb5 26. Rd1 Kf7 27. f4 Bf6 28. Bb6 Rd7 29. fxe5 Bxe5 30. Ba5 1/2-1/2

[Event "Tiefenbach op"]
[Site "Tiefenbach"]
[Date "2005.01.13"]
[Round "1"]
[White "Wahl, Frithjof"]
[Black "Krawinkel, Hans Werner"]
[Result "1-0"]
[WhiteElo "2166"]
[BlackElo "1914"]
[PlyCount "79"]
[EventDate "2005.01.??"]
[EventType "swiss"]
[EventRounds "9"]
[EventCountry "GER"]
[SourceTitle "EXT 2006"]
[Source "ChessBase"]
[SourceDate "2005.11.24"]
[SourceVersion "1"]
[SourceVersionDate "2005.11.24"]
[SourceQuality "1"]

1. e4 c5 2. Nc3 e6 3. g3 Nc6 4. Bg2 d6 5. Nge2 Be7 6. d4 cxd4 7. Nxd4 a6 8. Be3 Bd7 9. 0-0 Nf6 10. f4 Qc7 11. h3 Nxd4 12. Bxd4 Bc6 13. Qe2 e5 14. Be3 0-0 15. Rfd1 b5 16. Nd5 Nxd5 17. exd5 Bb7 18. fxe5 dxe5 19. d6 Bxd6 20. Bxb7 Qxb7 21. Rxd6 f5 22. Qg2 Qf7 23. Rad1 Qxa2 24. b3 Rae8 25. Qd5+ Kh8 26. Qc5 h6 27. Rc6 Kh7 28. Bxh6 f4 29. gxf4 exf4 30. Bxf4 Rd8 31. Rxd8 Rxd8 32. Qf5+ Kh8 33. Rc8 Qb1+ 34. Kg2 Qd1 35. Rxd8+ Qxd8 36. Qe4 Qc8 37. Be5 Kg8 38. c3 Qd8 39. Bf4 Qc8 40. c4 1-0

[Event "Wch Seniors 13th"]
[Site "Bad Zwischenahn"]
[Date "2003.??.??"]
[Round "?"]
[White "Krawinkel, Hans Werner"]
[Black "Petzold, Rolf"]
[Result "1-0"]
[WhiteElo "1755"]
[BlackElo "1635"]
[PlyCount "123"]
[EventDate "2003.11.16"]
[EventType "swiss"]
[EventRounds "11"]
[EventCountry "GER"]
[SourceTitle "CBM 097 Extra"]
[Source "ChessBase"]
[SourceDate "2004.01.13"]
[SourceVersion "1"]
[SourceVersionDate "2004.01.13"]
[SourceQuality "1"]

1. c4 e5 2. Nc3 Nf6 3. g3 Bb4 4. Bg2 0-0 5. d3 Bxc3+ 6. bxc3 Re8 7. e3 d5 8. cxd5 Nxd5 9. Ne2 c6 10. 0-0 Bg4 11. f3 Bh5 12. g4 Bg6 13. e4 Nc7 14. Be3 Nd7 15. Rb1 b6 16. f4 f6 17. f5 Bf7 18. a4 c5 19. c4 Na6 20. h4 h6 21. Nc3 Nb4 22. Nd5 a5 23. Rf3 Nb8 24. Rg3 N8c6 25. g5 hxg5 26. hxg5 Bxd5 27. exd5 Nd4 28. Be4 Ra7 29. Qh5 fxg5 30. Bxg5 Qd7 31. Kh2 Qf7 32. Qxf7+ Kxf7 33. Rh3 Rg8 34. Rh1 Ke8 35. Rh7 Rf7 36. Rf1 Rgf8 37. f6 gxf6 38. Bg6 f5 39. Bxf7+ Rxf7 40. Rxf7 Kxf7 41. d6 Ke8 42. Kg2 Nxd3 43. Rb1 Nb4 44. Rh1 Kd7 45. Be7 Nbc6 46. Bf8 Ne6 47. Rh7+ Kc8 48. Bh6 Ned8 49. Bg5 Ne6 50. Bf6 Ned8 51. Rc7+ Kb8 52. Rh7 Kc8 53. Kf2 Ne6 54. Ke3 Ned8 55. Rc7+ Kb8 56. Re7 Kc8 57. Rc7+ Kb8 58. Bxd8 Nxd8 59. Re7 Nc6 60. Rf7 Nd4 61. Rf8+ Kb7 62. d7 1-0